[Event "Montreal op"]
[Site "Montreal CAN"]
[Date "2009.09.11"]
[Round "1"]
[White "Qin, Zi Yi (Joey)"]
[Black "Schleifer, Michael"]
[Result "1-0"]
[WhiteElo "2038"]
[BlackElo "2308"]
[PlyCount "53"]
[EventDate "2009.09.11"]
[EventType "swiss"]
[EventRounds "5"]
[EventCountry "CAN"]

1. e4 c5 2. Nf3 d6 3. d4 cxd4 4. Nxd4 Nf6 5. Nc3 a6 6. Bc4 e6 7. Bb3 Be7 8. f4
O-O 9. Qf3 Qc7 10. Be3 Nc6 11. O-O-O Na5 12. g4 Nxb3+ 13. axb3 Nd7 14. Nf5 exf5
15. Nd5 Qd8 16. gxf5 a5 17. Rhg1 f6 18. Rg3 Rf7 19. Qh5 a4 20. b4 a3 21. bxa3
Rxa3 22. Kb2 Rxe3 23. Nxe3 Qf8 24. Rh3 h6 25. Qg6 Kh8 26. Ng4 Qg8 27. Rg1 1-0

[Event "PWC Toronto op"]
[Site "Toronto CAN"]
[Date "2009.04.18"]
[Round "2"]
[White "Armstrong, Robert J"]
[Black "Schleifer, Michael"]
[Result "0-1"]
[WhiteElo "1803"]
[BlackElo "2339"]
[PlyCount "64"]
[EventDate "2009.04.17"]
[EventType "swiss"]
[EventRounds "5"]
[EventCountry "CAN"]
[Source "Mark Crowther"]
[SourceDate "2009.04.20"]

1. d4 Nf6 2. c4 e6 3. Nf3 Bb4+ 4. Bd2 a5 5. a3 Bxd2+ 6. Qxd2 d5 7. e3 b6 8. Bd3
Bb7 9. Nc3 dxc4 10. Bxc4 O-O 11. Rd1 Nbd7 12. d5 exd5 13. Nxd5 Nc5 14. O-O a4
15. Qd4 Nxd5 16. Bxd5 Bxd5 17. Qxd5 Qf6 18. Rd4 Nb3 19. Rf4 Qd8 20. Qf5 Ra5 21.
Qh3 Qd3 22. Rh4 h6 23. Rg4 Qd6 24. e4 f5 25. Rh4 Nd2 26. Nxd2 Qxd2 27. Rh5 Qxb2
28. exf5 Qc2 29. g4 Rc5 30. Re1 Rc3 31. Re3 Rxe3 32. fxe3 Rd8 0-1

[Event "Quebec-ch classe"]
[Site "Trois-Rivieres CAN"]
[Date "2006.10.06"]
[Round "1"]
[White "Schleifer, Michael"]
[Black "Poirier, Erik"]
[Result "1-0"]
[WhiteElo "2298"]
[BlackElo "2125"]
[PlyCount "41"]
[EventDate "2006.10.06"]
[EventType "swiss"]
[EventRounds "5"]
[EventCountry "CAN"]

1. c4 e5 2. Nc3 Nc6 3. Nf3 g6 4. d4 exd4 5. Nxd4 Bg7 6. e3 Nge7 7. Be2 O-O 8.
O-O Nxd4 9. exd4 d5 10. Bg5 dxc4 11. Bxc4 h6 12. Bh4 g5 13. Bg3 Qxd4 14. Qxd4
Bxd4 15. Nb5 Bxb2 16. Rab1 Bf6 17. Nxc7 Bf5 18. Rxb7 Rad8 19. Rxa7 Bd4 20. Ra6
Bg6 21. Bd6 1-0

[Event "Quebec-ch classe"]
[Site "Trois-Rivieres CAN"]
[Date "2006.10.08"]
[Round "4"]
[White "Lemire-Paquin, Alexandre"]
[Black "Schleifer, Michael"]
[Result "1-0"]
[WhiteElo "2009"]
[BlackElo "2298"]
[PlyCount "48"]
[EventDate "2006.10.06"]
[EventType "swiss"]
[EventRounds "5"]
[EventCountry "CAN"]

1. e4 c5 2. Nf3 e6 3. d3 d5 4. Nbd2 Nc6 5. g3 Bd6 6. Bg2 Nge7 7. O-O O-O 8. Re1
Bc7 9. c3 b6 10. Nf1 a5 11. e5 Ba6 12. a3 a4 13. h4 Na5 14. Bf4 Nb3 15. Rb1 Qd7
16. N1h2 Ng6 17. h5 Nxf4 18. gxf4 f5 19. Ng5 h6 20. Nh3 Rab8 21. Kh1 d4 22. c4
b5 23. cxb5 Qxb5 24. Bf1 Ba5 1-0

[Event "CAN-ch"]
[Site "Toronto CAN"]
[Date "2006.08.18"]
[Round "1"]
[White "Schleifer, Michael"]
[Black "Zubac, Marius"]
[Result "1-0"]
[WhiteElo "2340"]
[BlackElo "2217"]
[PlyCount "89"]
[EventDate "2006.08.18"]
[EventType "swiss"]
[EventRounds "9"]
[EventCountry "CAN"]
[Source "Mark Crowther"]
[SourceDate "2006.08.21"]

1. d4 d5 2. c4 e6 3. Nc3 c6 4. cxd5 exd5 5. Qc2 g6 6. Bf4 Bg7 7. e3 Bf5 8. Bd3
Bxd3 9. Qxd3 Nf6 10. h3 O-O 11. Nf3 Nbd7 12. O-O Re8 13. Nd2 Nh5 14. Bh2 f5 15.
b4 f4 16. Bxf4 Nxf4 17. exf4 Qf6 18. Ne2 Re6 19. Nf3 Qe7 20. Ne5 Nxe5 21. fxe5
Qxb4 22. Rab1 Qe7 23. Nf4 b6 24. Nxe6 Qxe6 25. Rbc1 Rc8 26. Rfd1 Bf8 27. Rc2
Rc7 28. Kh1 Rd7 29. f4 c5 30. g4 cxd4 31. Qxd4 Bc5 32. Qd3 a5 33. Re2 d4 34.
Qe4 Rf7 35. Rf1 Qc4 36. e6 Rf8 37. f5 Qc3 38. Rf3 Qa1+ 39. Re1 Qxa2 40. f6 a4
41. e7 Re8 42. f7+ Qxf7 43. Rxf7 Kxf7 44. Qe6+ Kg7 45. Qd7 1-0

[Event "CAN-ch"]
[Site "Toronto CAN"]
[Date "2006.08.20"]
[Round "3"]
[White "Schleifer, Michael"]
[Black "Plotkin, Victor"]
[Result "1/2-1/2"]
[WhiteElo "2340"]
[BlackElo "2164"]
[PlyCount "112"]
[EventDate "2006.08.18"]
[EventType "swiss"]
[EventRounds "9"]
[EventCountry "CAN"]
[Source "Mark Crowther"]
[SourceDate "2006.08.21"]

1. d4 d5 2. c4 dxc4 3. Nf3 Nf6 4. e3 e6 5. Bxc4 c5 6. O-O Be7 7. Qe2 cxd4 8.
Rd1 Qc7 9. exd4 O-O 10. Nc3 a6 11. Bg5 Nc6 12. Rac1 Rd8 13. h3 h6 14. Bxf6 Bxf6
15. d5 Bxc3 16. Rxc3 exd5 17. Bxd5 Be6 18. Bxe6 Rxd1+ 19. Qxd1 fxe6 20. Qe2 Re8
21. Nd2 Qe5 22. Qxe5 Nxe5 23. Ne4 Rd8 24. Kf1 Nd3 25. Rc7 Nxb2 26. Rxb7 Nc4 27.
Ra7 a5 28. Ke2 Rd5 29. g4 Rb5 30. f4 Nb6 31. g5 hxg5 32. Nxg5 e5 33. Rb7 g6 34.
Ne4 Rb2+ 35. Kf3 Nc4 36. Nf6+ Kf8 37. Nd7+ Kg8 38. Rxb2 Nxb2 39. fxe5 Kf7 40.
Nc5 a4 41. Ke4 a3 42. Kd4 Nd1 43. Ne4 Ke6 44. Nd6 Nf2 45. h4 Ng4 46. Nc4 Nh6
47. Nxa3 Nf5+ 48. Ke4 Nxh4 49. Nc4 Nf5 50. Kf4 Ne7 51. a4 Nd5+ 52. Kg5 Nc7 53.
Kxg6 Kd5 54. Kf7 Kxc4 55. Ke7 Kb4 56. Kd7 Nd5 1/2-1/2

[Event "CAN-ch"]
[Site "Toronto CAN"]
[Date "2006.08.21"]
[Round "4"]
[White "Lipnowski, Samuel"]
[Black "Schleifer, Michael"]
[Result "0-1"]
[WhiteElo "2247"]
[BlackElo "2340"]
[PlyCount "98"]
[EventDate "2006.08.18"]
[EventType "swiss"]
[EventRounds "9"]
[EventCountry "CAN"]
[Source "Mark Crowther"]
[SourceDate "2006.08.28"]

1. d4 Nf6 2. c4 e6 3. Nc3 Bb4 4. Qc2 d5 5. cxd5 exd5 6. Bg5 O-O 7. Bxf6 Qxf6 8.
a3 Ba5 9. b4 Bb6 10. e3 c6 11. Bd3 Qg5 12. Nge2 h6 13. O-O Nd7 14. Ng3 Nf6 15.
Bf5 g6 16. Bxc8 Raxc8 17. h3 Bc7 18. Nce2 h5 19. Rfc1 h4 20. Nf1 Ne4 21. Nc3 f5
22. f4 Qf6 23. Nxe4 dxe4 24. b5 Bd6 25. bxc6 bxc6 26. Qa4 c5 27. d5 Rc7 28.
Rab1 g5 29. fxg5 Qxg5 30. Qa6 Qf6 31. Qc4 Rg7 32. Rc2 Qe5 33. Re2 f4 34. exf4
Rxf4 35. Rbe1 e3 36. Rxe3 Rxc4 37. Rxe5 Bxe5 38. Rxe5 Rc1 39. Re8+ Kh7 40. Rf8
Rg5 41. Rf4 Kg6 42. Kh2 Rxd5 43. Ne3 Rd4 44. Rf2 c4 45. Ng4 c3 46. Ne5+ Kg7 47.
Nf3 Rd3 48. Nxh4 c2 49. Nf5+ Kh7 0-1

[Event "CAN-ch"]
[Site "Toronto CAN"]
[Date "2006.08.22"]
[Round "5"]
[White "Schleifer, Michael"]
[Black "Tremblay, Rejean"]
[Result "1-0"]
[WhiteElo "2340"]
[BlackElo "2139"]
[PlyCount "101"]
[EventDate "2006.08.18"]
[EventType "swiss"]
[EventRounds "9"]
[EventCountry "CAN"]
[Source "Mark Crowther"]
[SourceDate "2006.08.28"]

1. d4 Nf6 2. c4 e6 3. Nf3 d5 4. g3 dxc4 5. Qa4+ Bd7 6. Qxc4 Bc6 7. Bg2 Bd5 8.
Qa4+ Bc6 9. Qd1 e5 10. O-O exd4 11. Nxd4 Bxg2 12. Kxg2 Bc5 13. Nb3 Qxd1 14.
Rxd1 Bb6 15. a4 Nbd7 16. a5 Bc5 17. Nxc5 Nxc5 18. Be3 Ne6 19. Nc3 Ke7 20. f4 g6
21. Bg1 Rhd8 22. e4 Rxd1 23. Rxd1 c6 24. e5 Nd7 25. Ne4 b6 26. b4 Rc8 27. Nd6
Rc7 28. Kf3 bxa5 29. bxa5 c5 30. Ke4 f6 31. Kd5 a6 32. Rc1 h5 33. Be3 f5 34.
Rc3 c4 35. Rxc4 Rxc4 36. Nxc4 h4 37. gxh4 Nc7+ 38. Kc6 Ne6 39. Nd6 Nd8+ 40. Kd5
Ne6 41. h5 gxh5 42. Nxf5+ Kf7 43. Nd6+ Ke7 44. f5 Nc7+ 45. Kc6 Ne6 46. fxe6
Kxe6 47. Nc4 Nxe5+ 48. Nxe5 Kxe5 49. Kb6 Kd6 50. Bf4+ Kd7 51. h4 1-0

[Event "CAN-ch"]
[Site "Toronto CAN"]
[Date "2006.08.24"]
[Round "7"]
[White "Schleifer, Michael"]
[Black "Masse, Hugues"]
[Result "1-0"]
[WhiteElo "2340"]
[BlackElo "2178"]
[PlyCount "87"]
[EventDate "2006.08.18"]
[EventType "swiss"]
[EventRounds "9"]
[EventCountry "CAN"]
[Source "Mark Crowther"]
[SourceDate "2006.08.28"]

1. c4 Nf6 2. Nc3 d5 3. e3 g6 4. Qb3 e6 5. d4 Bg7 6. g3 O-O 7. Bg2 c6 8. Nge2
Nbd7 9. O-O dxc4 10. Qxc4 e5 11. Rd1 Qe7 12. h3 Rd8 13. a4 exd4 14. Nxd4 Nb6
15. Qe2 Nbd5 16. e4 Nb4 17. Be3 a5 18. f4 Nd7 19. Nb3 b6 20. Qf2 c5 21. e5 Rb8
22. Nd5 Nxd5 23. Bxd5 Nf8 24. Bg2 Ba6 25. Nd2 f6 26. Ne4 fxe5 27. f5 gxf5 28.
Bg5 Rxd1+ 29. Rxd1 Qc7 30. Nd6 Bc8 31. Nxf5 Be6 32. Bd5 Bxd5 33. Rxd5 Ng6 34.
Qd2 Bf8 35. h4 Qf7 36. g4 Rb7 37. Rd8 Qc4 38. Nh6+ Kg7 39. Rd7+ Rxd7 40. Qxd7+
Be7 41. Nf5+ Kh8 42. Qe8+ Nf8 43. Bf6+ Kg8 44. Nh6# 1-0

[Event "CAN-ch"]
[Site "Toronto CAN"]
[Date "2006.08.26"]
[Round "9"]
[White "Schleifer, Michael"]
[Black "Lawson, Eric"]
[Result "0-1"]
[WhiteElo "2340"]
[BlackElo "2393"]
[PlyCount "78"]
[EventDate "2006.08.18"]
[EventType "swiss"]
[EventRounds "9"]
[EventCountry "CAN"]
[Source "Mark Crowther"]
[SourceDate "2006.08.28"]

1. d4 Nf6 2. Nf3 c5 3. c4 g6 4. g3 Bg7 5. Bg2 O-O 6. d5 e6 7. Nc3 exd5 8. cxd5
d6 9. O-O Re8 10. Nd2 Nbd7 11. Rb1 Nb6 12. a4 Bd7 13. b3 a6 14. a5 Nc8 15. Nc4
Bb5 16. Bd2 Rb8 17. Na4 Ne4 18. Bxe4 Rxe4 19. Nc3 Rd4 20. e3 Bxc4 21. bxc4 Rxc4
22. Na4 Re4 23. Nb6 Na7 24. Qc2 f5 25. f3 Re8 26. Rbe1 Nb5 27. Qd3 Qc7 28. e4
Qf7 29. Kg2 Be5 30. Nc4 Qf6 31. h4 Rbc8 32. Bg5 Qf7 33. Nb6 Rc7 34. exf5 gxf5
35. Rf2 Nd4 36. Kh3 Qg6 37. Rg2 h6 38. Be3 Nxf3 39. g4 Nxe1 0-1

[Event "Quebec op"]
[Site "Montreal CAN"]
[Date "2006.07.07"]
[Round "1"]
[White "Schleifer, Michael"]
[Black "Le Duin, Thierry"]
[Result "1/2-1/2"]
[WhiteElo "2303"]
[BlackElo "2061"]
[PlyCount "90"]
[EventDate "2006.07.08"]
[EventType "swiss"]
[EventRounds "9"]
[EventCountry "CAN"]

1. d4 Nf6 2. c4 c5 3. d5 b5 4. cxb5 a6 5. b6 Qxb6 6. Nc3 d6 7. e4 g6 8. Be2 Bg7
9. Nf3 Bd7 10. Nd2 Bb5 11. Nc4 Bxc4 12. Bxc4 Nbd7 13. O-O O-O 14. a3 Ne8 15.
Qc2 Nc7 16. Be3 Nb5 17. Na4 Qc7 18. Rab1 Nb6 19. Nxb6 Qxb6 20. Qd2 Qc7 21. Rfc1
Qd7 22. Qd3 f5 23. exf5 Qxf5 24. a4 Qxd3 25. Bxd3 Nc7 26. Bc4 a5 27. Re1 Bf6
28. g3 Na6 29. Kg2 Nb4 30. Re2 Ra7 31. h4 Kg7 32. Rbe1 Rf7 33. Bg5 Bxg5 34.
hxg5 Kf8 35. f4 Rf5 36. Rd1 Rc7 37. Kf3 Rf7 38. g4 Ra7 39. Ke4 Rc7 40. Rh2 Kg8
41. f5 gxf5+ 42. gxf5 Rc8 43. Rf1 Rg7 44. Rh5 Nc2 45. Rfh1 Rc7 1/2-1/2

[Event "Quebec op"]
[Site "Montreal CAN"]
[Date "2006.07.08"]
[Round "2"]
[White "Arsenault, Nicolas"]
[Black "Schleifer, Michael"]
[Result "0-1"]
[WhiteElo "2110"]
[BlackElo "2303"]
[PlyCount "62"]
[EventDate "2006.07.08"]
[EventType "swiss"]
[EventRounds "9"]
[EventCountry "CAN"]

1. e4 c5 2. Nf3 e6 3. d4 cxd4 4. Nxd4 Nf6 5. Nc3 d6 6. Be3 a6 7. f3 b5 8. g4 h6
9. Qd2 Qc7 10. O-O-O Nbd7 11. Bd3 b4 12. Nce2 d5 13. exd5 Nxd5 14. Nf4 Nxe3 15.
Ndxe6 fxe6 16. Bg6+ Ke7 17. Qxe3 Ne5 18. Rhe1 Kf6 19. Qe4 Bd6 20. Nh5+ Ke7 21.
Qxa8 Nxg6 22. Qe4 Kf7 23. Qd4 Be5 24. Rxe5 Qxe5 25. Qa7+ Kg8 26. f4 Nxf4 27.
Qe7 Nxh5 28. Rd8+ Kh7 29. Rxh8+ Kxh8 30. Qd8+ Kh7 31. Qd3+ Kg8 0-1

[Event "Quebec op"]
[Site "Montreal CAN"]
[Date "2006.07.09"]
[Round "3"]
[White "Schleifer, Michael"]
[Black "Morin, Louis"]
[Result "1-0"]
[WhiteElo "2303"]
[BlackElo "1888"]
[PlyCount "51"]
[EventDate "2006.07.08"]
[EventType "swiss"]
[EventRounds "9"]
[EventCountry "CAN"]

1. d4 e5 2. dxe5 Nc6 3. Nf3 Qe7 4. g3 Nxe5 5. Nxe5 Qxe5 6. Bg2 Nf6 7. O-O Be7
8. Nc3 c6 9. e4 d6 10. Re1 O-O 11. Bf4 Qh5 12. Bxd6 Bxd6 13. Qxd6 Bh3 14. f3
Rad8 15. Qf4 Bc8 16. Qe3 b6 17. Rad1 Nd7 18. e5 Nc5 19. b4 Na6 20. a3 c5 21.
Nd5 Rxd5 22. Rxd5 cxb4 23. Red1 Be6 24. Rd8 g5 25. Rxf8+ Kxf8 26. Qd3 1-0

[Event "Quebec op"]
[Site "Montreal CAN"]
[Date "2006.07.10"]
[Round "4"]
[White "Zafirov, Stephane"]
[Black "Schleifer, Michael"]
[Result "1/2-1/2"]
[WhiteElo "2148"]
[BlackElo "2303"]
[PlyCount "55"]
[EventDate "2006.07.08"]
[EventType "swiss"]
[EventRounds "9"]
[EventCountry "CAN"]

1. e4 c6 2. d4 d5 3. Nc3 dxe4 4. Nxe4 g6 5. Nf3 Bg7 6. c3 Bf5 7. Ng3 Bg4 8. Bc4
Bxf3 9. Qxf3 Nf6 10. h4 h5 11. Ne4 Nbd7 12. O-O O-O 13. Re1 Ng4 14. Qg3 Nb6 15.
Bb3 Nd5 16. f3 Nh6 17. Bg5 Re8 18. Bxh6 Bxh6 19. Ng5 Qb8 20. Qxb8 Raxb8 21. Ne4
Bf4 22. g3 Bc7 23. f4 Kg7 24. Kg2 e6 25. Kf3 Red8 26. Nc5 Bd6 27. Nd3 Bf8 28.
Rad1 1/2-1/2

[Event "Quebec op"]
[Site "Montreal CAN"]
[Date "2006.07.11"]
[Round "5"]
[White "Schleifer, Michael"]
[Black "Voskanyan, Vahagn"]
[Result "1-0"]
[WhiteElo "2303"]
[BlackElo "2346"]
[PlyCount "85"]
[EventDate "2006.07.08"]
[EventType "swiss"]
[EventRounds "9"]
[EventCountry "CAN"]

1. d4 Nf6 2. c4 g6 3. Nc3 d5 4. Nf3 Bg7 5. Bf4 c6 6. e3 O-O 7. Be2 dxc4 8. Bxc4
Nbd7 9. O-O Nb6 10. Bb3 Nfd5 11. Be5 Bg4 12. Bxg7 Kxg7 13. Ne4 Nd7 14. h3 Bxf3
15. Qxf3 N5f6 16. Nxf6 Nxf6 17. Rac1 Qb6 18. Rc2 a5 19. Rfc1 a4 20. Bc4 Ra5 21.
a3 Rd8 22. Qg3 Ne4 23. Qf4 Nd6 24. Bf1 Rf5 25. Qh4 Re8 26. f4 Qb3 27. Qe1 Qb6
28. Qb4 Qa7 29. Bd3 Rd5 30. Rc5 Rxc5 31. dxc5 Nf5 32. Bxf5 gxf5 33. Qd4+ f6 34.
Qd7 Qb8 35. Qxf5 b6 36. Qd7 Kf8 37. Qd4 Rd8 38. Qxa4 bxc5 39. Qc2 c4 40. Qxh7
Qxb2 41. Rxc4 Rd1+ 42. Kh2 Qf2 43. Qh8+ 1-0

[Event "Quebec op"]
[Site "Montreal CAN"]
[Date "2006.07.12"]
[Round "6"]
[White "Kunte, Abhijit"]
[Black "Schleifer, Michael"]
[Result "1/2-1/2"]
[WhiteElo "2535"]
[BlackElo "2303"]
[PlyCount "248"]
[EventDate "2006.07.08"]
[EventType "swiss"]
[EventRounds "9"]
[EventCountry "CAN"]

1. d4 Nf6 2. Nf3 e6 3. c4 Bb4+ 4. Bd2 Bxd2+ 5. Qxd2 d5 6. Nc3 O-O 7. e3 b6 8.
cxd5 Nxd5 9. Be2 Bb7 10. O-O Nd7 11. Rfd1 c5 12. Nb5 cxd4 13. e4 N5f6 14. e5
Nd5 15. Qxd4 Ba6 16. Rac1 Qe7 17. Bc4 Bxb5 18. Bxb5 Rad8 19. Qg4 Nc5 20. b4 Nc7
21. Qc4 Nxb5 22. Qxb5 Ne4 23. Qc4 Qb7 24. h4 Rxd1+ 25. Rxd1 Rc8 26. Ng5 Nxg5
27. hxg5 b5 28. Qd4 g6 29. a3 a6 30. Rd3 Qc7 31. Kh2 Qc1 32. Qe3 Qxe3 33. Rxe3
Rc2 34. f3 h6 35. gxh6 Kh7 36. Rd3 Ra2 37. Rd7 Kxh6 38. Rxf7 Rxa3 39. Rf6 a5
40. bxa5 Rxa5 41. Rxe6 b4 42. Rb6 Rxe5 43. Rxb4 Re2 44. Kh3 Ra2 45. g3 Ra5 46.
Rb7 Rh5+ 47. Kg2 Ra5 48. Rb6 Kg7 49. Kh3 Rh5+ 50. Kg4 Ra5 51. Rb7+ Kf6 52. f4
Rc5 53. Rb6+ Kg7 54. Re6 Kh6 55. Re5 Rc4 56. Kf3 Rc3+ 57. Re3 Rc4 58. g4 Kg7
59. Re7+ Kf6 60. Ra7 Rc3+ 61. Ke4 Rc4+ 62. Kf3 Rc3+ 63. Kf2 Rb3 64. Ra6+ Kg7
65. Re6 Kf7 66. Re3 Rb4 67. Kg3 Ra4 68. Rb3 Rc4 69. Rb7+ Kf8 70. Rd7 Ra4 71.
Kf3 Rb4 72. Rd5 Kf7 73. Ke3 Rb3+ 74. Kd4 Rg3 75. g5 Rg1 76. Rd7+ Ke6 77. Rg7
Kf5 78. Rf7+ Kg4 79. Ke5 Ra1 80. Rf6 Kh5 81. Ke6 Ra6+ 82. Kf7 Ra7+ 83. Kg8 Ra8+
84. Kg7 Ra7+ 85. Rf7 Ra6 86. Kg8 Ra8+ 87. Kh7 Ra6 88. Rb7 Rc6 89. Re7 Ra6 90.
Kg8 Ra8+ 91. Kg7 Ra6 92. Re4 Ra7+ 93. Kf6 Ra5 94. Rd4 Rf5+ 95. Kg7 Ra5 96. Rd1
Ra7+ 97. Kf6 Ra6+ 98. Ke5 Ra5+ 99. Ke4 Ra4+ 100. Rd4 Ra5 101. Rd6 Rb5 102. Rd3
Kg4 103. Rd1 Ra5 104. Rg1+ Kh5 105. Rg2 Rb5 106. Ra2 Kg4 107. Ra1 Kh4 108. Ra6
Kh5 109. Rd6 Rb4+ 110. Ke5 Rb5+ 111. Rd5 Rb6 112. Ra5 Rc6 113. Rd5 Ra6 114. Rd6
Ra5+ 115. Ke4 Ra4+ 116. Rd4 Ra5 117. Kf3 Ra3+ 118. Ke4 Ra5 119. Rd3 Kg4 120.
Rd1 Kh5 121. Re1 Kg4 122. Re2 Rb5 123. Rg2+ Kh4 124. Rg1 Ra5 1/2-1/2

[Event "Quebec op"]
[Site "Montreal CAN"]
[Date "2006.07.13"]
[Round "7"]
[White "Schleifer, Michael"]
[Black "Moiseenko, Alexander"]
[Result "0-1"]
[WhiteElo "2303"]
[BlackElo "2662"]
[PlyCount "64"]
[EventDate "2006.07.08"]
[EventType "swiss"]
[EventRounds "9"]
[EventCountry "CAN"]

1. c4 e5 2. Nc3 Nf6 3. g3 d5 4. cxd5 Nxd5 5. Bg2 Nb6 6. Nf3 Nc6 7. O-O Be7 8.
b4 Bxb4 9. Qc2 O-O 10. Rb1 Qe7 11. a3 Bd6 12. Nb5 Bg4 13. d3 Bc5 14. Ng5 Bf5
15. Bxc6 bxc6 16. Nxc7 Rac8 17. Na6 Bd6 18. e4 Bg4 19. h3 Bd7 20. Kg2 c5 21.
Qc3 h6 22. Nf3 f5 23. Nh4 f4 24. Nf3 Qe6 25. g4 h5 26. Nh2 Rc6 27. Qa5 Qf6 28.
f3 Qh4 29. Rb2 Qg3+ 30. Kh1 Qxh3 31. g5 Qe6 32. Bd2 c4 0-1

[Event "Quebec op"]
[Site "Montreal CAN"]
[Date "2006.07.14"]
[Round "8"]
[White "Picard, Jean"]
[Black "Schleifer, Michael"]
[Result "0-1"]
[WhiteElo "2088"]
[BlackElo "2303"]
[PlyCount "58"]
[EventDate "2006.07.08"]
[EventType "swiss"]
[EventRounds "9"]
[EventCountry "CAN"]

1. e4 c5 2. d4 cxd4 3. c3 d3 4. Bxd3 Nc6 5. c4 Nf6 6. Nc3 d6 7. h3 g6 8. Nf3
Bg7 9. O-O O-O 10. Be3 Nd7 11. Qe2 Nc5 12. Rfd1 Bxc3 13. bxc3 Qa5 14. Bh6 Re8
15. Rac1 Nxd3 16. Rxd3 Be6 17. Rd5 Qc7 18. Rg5 Ne5 19. Nxe5 dxe5 20. Qf3 f6 21.
Rg3 Qxc4 22. h4 Kf7 23. Rb1 b6 24. Rb4 Qxa2 25. Rb5 Rad8 26. Rxe5 Qb1+ 27. Kh2
Rd1 28. Rgg5 Rh1+ 29. Kg3 Qg1 0-1

[Event "Quebec op"]
[Site "Montreal CAN"]
[Date "2006.07.15"]
[Round "9"]
[White "Barbeau, Sylvain"]
[Black "Schleifer, Michael"]
[Result "0-1"]
[WhiteElo "2442"]
[BlackElo "2303"]
[PlyCount "69"]
[EventDate "2006.07.08"]
[EventType "swiss"]
[EventRounds "9"]
[EventCountry "CAN"]

1. e4 e6 2. d4 c5 3. Nf3 cxd4 4. Nxd4 Nf6 5. Nc3 d6 6. f4 a6 7. Qf3 Qc7 8. g4
b5 9. Bd3 Bb7 10. a3 Nc6 11. Nxc6 Qxc6 12. Bd2 Be7 13. O-O-O O-O-O 14. Rhe1 Kb8
15. Kb1 Nd7 16. Qf2 Nb6 17. Bc1 Nc4 18. Na2 Rc8 19. b3 Nb6 20. Bb2 Rhg8 21. Nb4
Qc7 22. Bf1 Ka8 23. Re2 Nd7 24. Nd3 Nf6 25. Bg2 Nxg4 26. Qg3 Nf6 27. Nf2 g6 28.
Qd3 Rgd8 29. Qh3 Nh5 30. Qe3 Bf6 31. Red2 Be7 32. Bd4 Re8 33. Kb2 Bf8 34. Bb6
Qc6 35. Nd3 0-1

[Event "Juin"]
[Site "Montreal CAN"]
[Date "2006.06.10"]
[Round "2"]
[White "Schleifer, Michael"]
[Black "Poirier, Erik"]
[Result "0-1"]
[WhiteElo "2314"]
[BlackElo "2032"]
[PlyCount "120"]
[EventDate "2006.06.09"]
[EventType "swiss"]
[EventRounds "5"]
[EventCountry "CAN"]

1. d4 Nf6 2. c4 e6 3. Nf3 b6 4. a3 c5 5. d5 Ba6 6. b3 exd5 7. cxd5 g6 8. Bb2
Bg7 9. e4 Bxf1 10. Kxf1 d6 11. Qd3 O-O 12. Nc3 Nbd7 13. g3 Ng4 14. h3 Nge5 15.
Nxe5 Nxe5 16. Qe2 f5 17. exf5 Rxf5 18. Kg2 Nf3 19. Rhf1 Nd4 20. Qc4 Qd7 21. a4
a6 22. Nd1 Re8 23. Ne3 Rh5 24. g4 Rhe5 25. Qxa6 Qf7 26. Bxd4 cxd4 27. Nc4 Qxd5+
28. Kg1 Qf3 29. Nxd6 Qxh3 30. Qb7 Qxg4+ 31. Qg2 Rg5 32. Qxg4 Rxg4+ 33. Kh2 Re5
34. Kh3 h5 35. Rae1 Rd5 36. Nc4 b5 37. Nb6 Rc5 38. Rc1 Rxc1 39. Rxc1 bxa4 40.
bxa4 d3 41. a5 Bd4 42. Rd1 Bxf2 43. Rxd3 Bxb6 44. axb6 Rb4 45. Rd6 Kg7 46. Kg3
Kh6 47. Kf3 h4 48. Re6 Kh5 49. Rc6 g5 50. Rd6 Rb3+ 51. Kg2 Kg4 52. Rd4+ Kf5 53.
Rd5+ Kf4 54. Rd6 Rb2+ 55. Kg1 h3 56. Rc6 Kg3 57. Rc3+ Kh4 58. Rc6 g4 59. Rd6
h2+ 60. Kh1 Kh3 0-1

[Event "Juin"]
[Site "Montreal CAN"]
[Date "2006.06.10"]
[Round "3"]
[White "Hajiyev, Elshad"]
[Black "Schleifer, Michael"]
[Result "0-1"]
[WhiteElo "2052"]
[BlackElo "2314"]
[PlyCount "54"]
[EventDate "2006.06.09"]
[EventType "swiss"]
[EventRounds "5"]
[EventCountry "CAN"]

1. d4 Nf6 2. Nf3 e6 3. Bg5 h6 4. Bxf6 Qxf6 5. e4 d6 6. Nc3 g6 7. Bd3 Bg7 8. O-O
O-O 9. Re1 Nc6 10. e5 Qe7 11. exd6 Qxd6 12. Nb5 Qd8 13. c3 a6 14. Na3 b6 15.
Nc4 Bb7 16. Nce5 Nxe5 17. Nxe5 Rc8 18. Qg4 Qg5 19. Qxg5 hxg5 20. Re3 c5 21. Rg3
Rfd8 22. Nc4 cxd4 23. Nxb6 Rb8 24. Na4 dxc3 25. Nxc3 Be5 26. Rxg5 Bxc3 27. Bxg6
Bf6 0-1

[Event "Juin"]
[Site "Montreal CAN"]
[Date "2006.06.11"]
[Round "4"]
[White "Schleifer, Michael"]
[Black "Bolduc, Steve"]
[Result "1/2-1/2"]
[WhiteElo "2314"]
[BlackElo "2272"]
[PlyCount "63"]
[EventDate "2006.06.09"]
[EventType "swiss"]
[EventRounds "5"]
[EventCountry "CAN"]

1. d4 Nf6 2. c4 e6 3. Nf3 Bb4+ 4. Nbd2 d5 5. e3 O-O 6. a3 Be7 7. b4 a5 8. b5 c5
9. Be2 Nbd7 10. O-O cxd4 11. Nxd4 Nc5 12. Bb2 a4 13. Rc1 Re8 14. cxd5 exd5 15.
Qc2 Be6 16. Nxe6 fxe6 17. Bxf6 gxf6 18. e4 Rc8 19. exd5 Nb3 20. Qxc8 Qxc8 21.
Rxc8 Rxc8 22. Nxb3 axb3 23. Rb1 exd5 24. Rxb3 Rc1+ 25. Bf1 Ra1 26. Rd3 Rxa3 27.
Rxd5 b6 28. g3 Ra4 29. Rd7 Bc5 30. Bd3 h6 31. Bh7+ Kh8 32. Kg2 1/2-1/2

[Event "Beloeil inv."]
[Site "Beloeil CAN"]
[Date "2006.04.28"]
[Round "1"]
[White "Libersan, Thierry"]
[Black "Schleifer, Michael"]
[Result "1-0"]
[WhiteElo "2175"]
[BlackElo "2363"]
[PlyCount "91"]
[EventDate "2006.04.28"]
[EventType "tourn"]
[EventRounds "5"]
[EventCountry "CAN"]

1. e4 c5 2. Nf3 e6 3. d4 cxd4 4. Nxd4 Nf6 5. Nc3 d6 6. g4 h6 7. Bg2 a6 8. h3
Qc7 9. Be3 Nc6 10. Qe2 Bd7 11. O-O-O Na5 12. Kb1 Rb8 13. h4 b5 14. g5 b4 15.
Nd5 Nxd5 16. exd5 e5 17. Bc1 Be7 18. gxh6 g6 19. Nc6 Nxc6 20. dxc6 Bxc6 21.
Bxc6+ Qxc6 22. f4 e4 23. h5 d5 24. hxg6 fxg6 25. Qd2 Rd8 26. b3 d4 27. Qg2 Qe6
28. Bb2 Bc5 29. Rdg1 Rd6 30. Qg5 Bb6 31. h7 Qf6 32. Qg4 Bd8 33. f5 g5 34. Qxe4+
Kf7 35. Rd1 Bb6 36. Qb7+ Qe7 37. Qxa6 Kg7 38. Qc4 Rxh7 39. Rxh7+ Kxh7 40. Qxb4
Qe5 41. Re1 Qd5 42. Re7+ Kg8 43. Qe1 Qxf5 44. Re8+ Qf8 45. Rxf8+ Kxf8 46. Ba3
1-0

[Event "Beloeil inv."]
[Site "Beloeil CAN"]
[Date "2006.04.29"]
[Round "2"]
[White "Bolduc, Steve"]
[Black "Schleifer, Michael"]
[Result "1-0"]
[WhiteElo "2275"]
[BlackElo "2314"]
[PlyCount "81"]
[EventDate "2006.04.28"]
[EventType "tourn"]
[EventRounds "5"]
[EventCountry "CAN"]

1. d4 f5 2. e4 fxe4 3. Nc3 Nf6 4. Bg5 e6 5. Nxe4 Be7 6. Bd3 Nxe4 7. Bxe7 Qxe7
8. Bxe4 O-O 9. Nf3 d5 10. Bd3 c5 11. c3 Nc6 12. O-O Bd7 13. Qe2 cxd4 14. cxd4
Rf4 15. g3 Rf6 16. Qe3 Qb4 17. a3 Qb6 18. Ne5 Nxe5 19. Qxe5 Rc8 20. Rad1 a5 21.
Rd2 Bb5 22. Bxb5 Qxb5 23. Re1 Rc6 24. Kg2 h6 25. g4 Qa6 26. f4 Qc4 27. h4 Rb6
28. h5 Qc8 29. Rde2 Qd7 30. Rc1 Rc6 31. Rec2 Rf8 32. Rxc6 bxc6 33. Rc2 Kh8 34.
Re2 a4 35. Kg3 Rf6 36. g5 hxg5 37. fxg5 Rf5 38. Qb8+ Kh7 39. Kg4 g6 40. hxg6+
Kg7 41. Rh2 1-0